Największe miasta Imperium Osmańskiego - Statystyki

Ogólne statystyki
  • Ten quiz został rozwiązany 1 949 razy
  • Średni wynik to 10 z 19
Statystyki odpowiedzi
Ludność Miasto % Poprawnych
15,9 mln Stambuł
97%
5,15 mln Ankara
91%
3,58 mln Ateny
86%
22,5 mln Kair
84%
3,88 mln Damaszek
68%
7,65 mln Bagdad
67%
6,2 mln Aleksandria
61%
2,5 mln Budapeszt
52%
2,7 mln Tunis
52%
4,25 mln Algier
50%
3 mln Izmir
45%
2,95 mln Tel Awiw
44%
6 mln Amman
39%
3,68 mln Baku
39%
2,6 mln Mekka
32%
4,78 mln Kuwejt
30%
3,18 mln Sana
17%
3,93 mln Dżedda
15%
2,83 mln Ad-Dammam
3%
Nie znaleziono quizów pasujących do podanych kryteriów
Rozkład punktacji
Procent ludzi z każdym wynikiem
Percentyl według liczby udzielonych odpowiedzi
Twoja historia wyników
Nie rozwiązałeś tego quizu